Estatísticas para Quiz do Paquistão

Clique aqui para jogar o quiz

Estatísticas Gerais

  • Esse quiz foi jogado 602 vezes
  • A pontuação média é 9 de 22

Estatísticas das Respostas

DicaResposta% Correto
CapitalIslamabad
81%
O Paquistão faz fronteira com esse marMar Arábico
80%
Rio mais longo - o local de uma
civilização antiga
Indo
71%
O único país com mais
Muçumanos que o Paquistão
Indonésia
69%
Linguas OficiaisInglês
67%
Esporte mais popularCríquete
64%
Dois objetos que aparecem na bandeiraEstrela
64%
País antigamente conhecido como
Paquistão Oriental
Bangladesh
60%
Cidades mais populosasCarachi
47%
A segunda maior montanha do mundo,
na fronteira com a China
K2
41%
Linguas OficiaisUrdu
38%
Cidades mais populosasLahore
34%
Línguas mais faladasPachto
32%
Dois objetos que aparecem na bandeiraCrescente
25%
Línguas mais faladasPanjabi
22%
A única Primeira-Ministra mulherBenazir Bhutto
21%
Cidade, começando com Q,
é a capital de Baluchistão
Quetta
21%
Nome mais comum no Paquistão
(Dica: começa com K)
Khan
20%
Flor nacional (Dica: é branca)Jasmim
18%
O animal nacional do Paquistão é a ...{Cabra}-selvagem-
-paquistanesa
16%
Esporte nacionalHóquei em campo
15%
Fundador do PaquistãoMuhammad Ali
Jinnah
15%

Distribuição das Pontuações

Percentil de Números Respondidos

Porcentagem de Pessoas com Cada Pontuação

Sua Pontuação Histórica

Você não jogou esse quiz